| 000 | 00669nam a22001937a 4500 | ||
|---|---|---|---|
| 003 | OSt | ||
| 005 | 20141216150125.0 | ||
| 008 | 141216b xxu||||| |||| 00| 0 eng d | ||
| 020 | _a0727911783 | ||
| 040 | _cDNLM | ||
| 082 | _aWA 320 P928 1997 | ||
| 100 |
_aRoyal college of Paediatrics and child health _92246 |
||
| 245 |
_aPrevention and control of pain in children: _b A manual for health care professionals / _cRoyal college of Paediatrics and child health |
||
| 260 |
_aLondon: _bBMJ publishing group; _c1997 |
||
| 300 |
_axi,116 p : _bill; _c26 cm. |
||
| 504 | _aIncludes bibliographical references and index. | ||
| 650 |
_aPain in children _92247 |
||
| 942 |
_2z _cSLOAN |
||
| 999 |
_c830 _d830 |
||